000 00335nam a2200133Ia 4500
008 231129s9999||||xx |||||||||||||| ||spa||
020 _a84-206-1412-2
040 _bspa
082 _a839.3162 H899h
100 _aHuizinga Johan
245 0 _aHomo ludens
264 _aAlianza
942 _2ddc
_cBKS
999 _c15457
_d15457